Missing Word: 'City' Movies Quiz Stats

 Plays Quiz Updated Jan 15, 2015

Challenge
Share
Tweet
Embed
Score 0/20 Timer 04:00
0 Plays Today
Movie Title Missing Word % Correct
_______ and the CitySex and the City
93.4%
Babe: ______ in the CityBabe: Pig in the City
83.9%
City of _______ City of Angels
82.3%
While the City ______While the City Sleeps
80.3%
City _______City Slickers
75.4%
_______ CitySin City
61.9%
City by the _______City by the Sea
60.5%
New ______ CityNew Jack City
52.5%
City _______City Lights
45.4%
_______ Rock CityDetroit Rock City
43.6%
Movie Title Missing Word % Correct
City of _______City of God
31%
The Mortal Instruments: City of ______The Mortal Instruments: City of Bones
19.8%
_______ CityDark City
18.4%
The City of Lost ________The City of Lost Children
18%
_______ CityAtlantic City
14.7%
The _______ CityThe Naked City
10.9%
_______ CityBroken City
8.8%
City of _______City of Ember
7.1%
______ CityMad City
5.3%
City _______City Island
4.8%

Today's Daily Dose

Missing Word
Britpop Albums

Word Ladder
Sing It!

On This Day
December 14th II

You're not logged in!

Compare scores with friends on all Sporcle quizzes.
OR
Log In

You Might Also Like...

Show Comments

Extras

Top Quizzes Today


Score Distribution

Your Account Isn't Verified!

In order to create a playlist on Sporcle, you need to verify the email address you used during registration. Go to your Sporcle Settings to finish the process.

Report this User

Report this user for behavior that violates our Community Guidelines.

Details: